ბათუმის შოთა რუსთაველის სახელმწიფო უნივერსიტეტის ბიბლიოთეკა

ქალი-სახე და პრობლემა: II ტომი: კრიტიკული წერილები. (ბიბ.ჩანაწერი № 44035)

000 -LEADER
fixed length control field 01046nam a2200229Ia 4500
001 - CONTROL NUMBER
control field 10786
003 - CONTROL NUMBER IDENTIFIER
control field GE_BSU
008 - FIXED-LENGTH DATA ELEMENTS--GENERAL INFORMATION
fixed length control field 181216s||||||||xx |||||||||||||| ||und||
020 ## - INTERNATIONAL STANDARD BOOK NUMBER
International Standard Book Number 9992871784
040 ## - CATALOGING SOURCE
Transcribing agency GE_BSU
080 ## - UNIVERSAL DECIMAL CLASSIFICATION NUMBER
Universal Decimal Classification number 821.353.1+821.353.1-32+396
245 ## - TITLE STATEMENT
Title ქალი-სახე და პრობლემა: II ტომი: კრიტიკული წერილები.
245 ## - TITLE STATEMENT
Statement of responsibility, etc. პროექტის ავტორი:ნაირა გელაშვილი;რედ.შოთა იათაშვილი.
260 ## - PUBLICATION, DISTRIBUTION, ETC.
Place of publication, distribution, etc. თბილისი.
260 ## - PUBLICATION, DISTRIBUTION, ETC.
Name of publisher, distributor, etc. კავკასიური სახლი.
260 ## - PUBLICATION, DISTRIBUTION, ETC.
Date of publication, distribution, etc. 2005.
300 ## - PHYSICAL DESCRIPTION
Extent 272გვ;20სმ.
520 ## - SUMMARY, ETC.
Summary, etc. გამოიცა ჰაინრიხ ბიოლის ფონდის(გერმანია)ხელშეწყობით.
653 ## - INDEX TERM--UNCONTROLLED
Uncontrolled term ქალი-სახე და პრობლემა: II ტომი: კრიტიკული წერილები.
942 ## - ADDED ENTRY ELEMENTS (KOHA)
Koha item type წიგნი
ეგზემპლარები
Withdrawn status Lost status Damaged status Not for loan Date acquired Barcode Date last seen Price effective from Koha item type
        2018-12-17 35257 2018-12-17 2018-12-17 წიგნი